<?xml version="1.0" encoding="UTF-8"?>
<collection xmlns="http://www.loc.gov/MARC21/slim">
 <record>
  <leader>02260nam a22003138a 4500</leader>
  <controlfield tag="001">NCT_9039</controlfield>
  <controlfield tag="008">040524s1999              b   000 0    od</controlfield>
  <datafield tag="999" ind1=" " ind2=" ">
   <subfield code="c">450</subfield>
   <subfield code="d">450</subfield>
  </datafield>
  <datafield tag="082" ind1=" " ind2=" ">
   <subfield code="2">22nd ed.</subfield>
   <subfield code="a">338.47</subfield>
   <subfield code="b">Ph500</subfield>
  </datafield>
  <datafield tag="100" ind1="1" ind2=" ">
   <subfield code="a">Vũ Xuân Phú</subfield>
   <subfield code="e">Chủ biên</subfield>
  </datafield>
  <datafield tag="245" ind1="1" ind2="0">
   <subfield code="a">Kinh tế y tế :</subfield>
   <subfield code="b">Sách đào tạo cử nhân y tế công cộng</subfield>
   <subfield code="c">Vũ Xuân Phú</subfield>
  </datafield>
  <datafield tag="260" ind1=" " ind2=" ">
   <subfield code="a">H.</subfield>
   <subfield code="b">Y học</subfield>
   <subfield code="c">2008</subfield>
  </datafield>
  <datafield tag="300" ind1=" " ind2=" ">
   <subfield code="a">210 tr.</subfield>
   <subfield code="c">27cm</subfield>
  </datafield>
  <datafield tag="500" ind1=" " ind2=" ">
   <subfield code="a">ĐTTS ghi: Bộ Y tế</subfield>
  </datafield>
  <datafield tag="520" ind1="3" ind2=" ">
   <subfield code="a">Kinh tế học và kinh tế học trong y tế, giới thiệu phân tích chi phí. Thẩm định kinh tế và đo lường kết quả. Kế hoạch và ngân sách trong y tế</subfield>
  </datafield>
  <datafield tag="653" ind1=" " ind2=" ">
   <subfield code="a">Dược học</subfield>
  </datafield>
  <datafield tag="655" ind1=" " ind2=" ">
   <subfield code="a">Dược</subfield>
  </datafield>
  <datafield tag="700" ind1="1" ind2=" ">
   <subfield code="a">Đặng Vũ Trung</subfield>
  </datafield>
  <datafield tag="942" ind1=" " ind2=" ">
   <subfield code="2">ddc</subfield>
   <subfield code="c">BK</subfield>
  </datafield>
  <datafield tag="952" ind1=" " ind2=" ">
   <subfield code="0">0</subfield>
   <subfield code="1">0</subfield>
   <subfield code="2">ddc</subfield>
   <subfield code="4">0</subfield>
   <subfield code="6">338_470000000000000_PH500</subfield>
   <subfield code="7">0</subfield>
   <subfield code="9">2283</subfield>
   <subfield code="a">000001</subfield>
   <subfield code="b">000001</subfield>
   <subfield code="d">2017-10-26</subfield>
   <subfield code="o">338.47 Ph500</subfield>
   <subfield code="p">MD.04840</subfield>
   <subfield code="r">2017-10-26</subfield>
   <subfield code="v">54000.00</subfield>
   <subfield code="w">2017-10-26</subfield>
   <subfield code="y">BK</subfield>
  </datafield>
  <datafield tag="952" ind1=" " ind2=" ">
   <subfield code="0">0</subfield>
   <subfield code="1">0</subfield>
   <subfield code="2">ddc</subfield>
   <subfield code="4">0</subfield>
   <subfield code="6">338_470000000000000_PH500</subfield>
   <subfield code="7">0</subfield>
   <subfield code="9">2284</subfield>
   <subfield code="a">000001</subfield>
   <subfield code="b">000001</subfield>
   <subfield code="d">2017-10-26</subfield>
   <subfield code="o">338.47 Ph500</subfield>
   <subfield code="p">MD.04841</subfield>
   <subfield code="r">2017-10-26</subfield>
   <subfield code="v">54000.00</subfield>
   <subfield code="w">2017-10-26</subfield>
   <subfield code="y">BK</subfield>
  </datafield>
  <datafield tag="952" ind1=" " ind2=" ">
   <subfield code="0">0</subfield>
   <subfield code="1">0</subfield>
   <subfield code="2">ddc</subfield>
   <subfield code="4">0</subfield>
   <subfield code="6">338_470000000000000_PH500</subfield>
   <subfield code="7">0</subfield>
   <subfield code="9">2285</subfield>
   <subfield code="a">000001</subfield>
   <subfield code="b">000001</subfield>
   <subfield code="d">2017-10-26</subfield>
   <subfield code="o">338.47 Ph500</subfield>
   <subfield code="p">MD.04842</subfield>
   <subfield code="r">2017-10-26</subfield>
   <subfield code="v">54000.00</subfield>
   <subfield code="w">2017-10-26</subfield>
   <subfield code="y">BK</subfield>
  </datafield>
  <datafield tag="952" ind1=" " ind2=" ">
   <subfield code="0">0</subfield>
   <subfield code="1">0</subfield>
   <subfield code="2">ddc</subfield>
   <subfield code="4">0</subfield>
   <subfield code="6">338_470000000000000_PH500</subfield>
   <subfield code="7">0</subfield>
   <subfield code="9">2286</subfield>
   <subfield code="a">000001</subfield>
   <subfield code="b">000001</subfield>
   <subfield code="d">2017-10-26</subfield>
   <subfield code="o">338.47 Ph500</subfield>
   <subfield code="p">MD.04843</subfield>
   <subfield code="r">2017-10-26</subfield>
   <subfield code="v">54000.00</subfield>
   <subfield code="w">2017-10-26</subfield>
   <subfield code="y">BK</subfield>
  </datafield>
  <datafield tag="952" ind1=" " ind2=" ">
   <subfield code="0">0</subfield>
   <subfield code="1">0</subfield>
   <subfield code="2">ddc</subfield>
   <subfield code="4">0</subfield>
   <subfield code="6">338_470000000000000_PH500</subfield>
   <subfield code="7">0</subfield>
   <subfield code="9">2287</subfield>
   <subfield code="a">000001</subfield>
   <subfield code="b">000001</subfield>
   <subfield code="d">2017-10-26</subfield>
   <subfield code="o">338.47 Ph500</subfield>
   <subfield code="p">MD.04844</subfield>
   <subfield code="r">2017-10-26</subfield>
   <subfield code="v">54000.00</subfield>
   <subfield code="w">2017-10-26</subfield>
   <subfield code="y">BK</subfield>
  </datafield>
  <datafield tag="952" ind1=" " ind2=" ">
   <subfield code="0">0</subfield>
   <subfield code="1">0</subfield>
   <subfield code="2">ddc</subfield>
   <subfield code="4">0</subfield>
   <subfield code="6">338_470000000000000_PH500</subfield>
   <subfield code="7">0</subfield>
   <subfield code="9">2288</subfield>
   <subfield code="a">000001</subfield>
   <subfield code="b">000001</subfield>
   <subfield code="d">2017-10-26</subfield>
   <subfield code="o">338.47 Ph500</subfield>
   <subfield code="p">MD.04845</subfield>
   <subfield code="r">2017-10-26</subfield>
   <subfield code="v">54000.00</subfield>
   <subfield code="w">2017-10-26</subfield>
   <subfield code="y">BK</subfield>
  </datafield>
  <datafield tag="952" ind1=" " ind2=" ">
   <subfield code="0">0</subfield>
   <subfield code="1">0</subfield>
   <subfield code="2">ddc</subfield>
   <subfield code="4">0</subfield>
   <subfield code="6">338_470000000000000_PH500</subfield>
   <subfield code="7">0</subfield>
   <subfield code="9">2289</subfield>
   <subfield code="a">000001</subfield>
   <subfield code="b">000001</subfield>
   <subfield code="d">2017-10-26</subfield>
   <subfield code="o">338.47 Ph500</subfield>
   <subfield code="p">MD.04846</subfield>
   <subfield code="r">2017-10-26</subfield>
   <subfield code="v">54000.00</subfield>
   <subfield code="w">2017-10-26</subfield>
   <subfield code="y">BK</subfield>
  </datafield>
  <datafield tag="952" ind1=" " ind2=" ">
   <subfield code="0">0</subfield>
   <subfield code="1">0</subfield>
   <subfield code="2">ddc</subfield>
   <subfield code="4">0</subfield>
   <subfield code="6">338_470000000000000_PH500</subfield>
   <subfield code="7">0</subfield>
   <subfield code="9">2290</subfield>
   <subfield code="a">000001</subfield>
   <subfield code="b">000001</subfield>
   <subfield code="d">2017-10-26</subfield>
   <subfield code="o">338.47 Ph500</subfield>
   <subfield code="p">MD.04847</subfield>
   <subfield code="r">2017-10-26</subfield>
   <subfield code="v">54000.00</subfield>
   <subfield code="w">2017-10-26</subfield>
   <subfield code="y">BK</subfield>
  </datafield>
  <datafield tag="952" ind1=" " ind2=" ">
   <subfield code="0">0</subfield>
   <subfield code="1">0</subfield>
   <subfield code="2">ddc</subfield>
   <subfield code="4">0</subfield>
   <subfield code="6">338_470000000000000_PH500</subfield>
   <subfield code="7">0</subfield>
   <subfield code="9">2291</subfield>
   <subfield code="a">000001</subfield>
   <subfield code="b">000001</subfield>
   <subfield code="d">2017-10-26</subfield>
   <subfield code="o">338.47 Ph500</subfield>
   <subfield code="p">MD.04839</subfield>
   <subfield code="r">2017-10-26</subfield>
   <subfield code="v">54000.00</subfield>
   <subfield code="w">2017-10-26</subfield>
   <subfield code="y">BK</subfield>
  </datafield>
  <datafield tag="980" ind1=" " ind2=" ">
   <subfield code="a">Thư viện Trường Đại học Nam Cần Thơ</subfield>
  </datafield>
 </record>
</collection>
